Курс технологии машиностроения : (Record no. 446696)
[ view plain ]
| 000 -LEADER | |
|---|---|
| fixed length control field | 01388nam a2200265 a 4500 |
| 003 - CONTROL NUMBER IDENTIFIER | |
| control field | AM-YeHGA |
| 040 ## - CATALOGING SOURCE | |
| Original cataloging agency | AM-YeHGA |
| 090 ## - LOCALLY ASSIGNED LC-TYPE CALL NUMBER (OCLC); LOCAL CALL NUMBER (RLIN) | |
| -- | 449572 |
| 005 - DATE AND TIME OF LATEST TRANSACTION | |
| control field | 20250617160132.0 |
| 008 - FIXED-LENGTH DATA ELEMENTS--GENERAL INFORMATION | |
| fixed length control field | 190911m19601962ru ||||| ||||u000|0|rus|| |
| 041 0# - LANGUAGE CODE | |
| Language code of text/sound track or separate title | rus |
| 044 ## - COUNTRY OF PUBLISHING/PRODUCING ENTITY CODE | |
| MARC country code | ru |
| 100 1# - MAIN ENTRY--PERSONAL NAME | |
| Personal name | Егоров, Михаил Егорович |
| 245 10 - TITLE STATEMENT | |
| Title | Курс технологии машиностроения : |
| Remainder of title | Лекции / |
| Statement of responsibility, etc. | М.Е. Егоров ; Министерство высшего и среднего специального образования РСФСР, Всесоюзный заочный энергетический институт. |
| 260 ## - PUBLICATION, DISTRIBUTION, ETC. | |
| Place of publication, distribution, etc. | Москва : |
| Name of publisher, distributor, etc. | [б.и.], |
| Date of publication, distribution, etc. | 1960- |
| -- | 1962. |
| 300 ## - PHYSICAL DESCRIPTION | |
| Extent | Часть ; |
| Dimensions | 20 см. |
| 500 ## - GENERAL NOTE | |
| General note | Перед загл. авт.: М.Е. Егоров, заслуж. деятель науки и техники д-р техн. наук проф. |
| 505 00 - FORMATTED CONTENTS NOTE | |
| Miscellaneous information | Часть 1 (1960 ; 160 с., черт., табл.) |
| 505 00 - FORMATTED CONTENTS NOTE | |
| Miscellaneous information | Часть 2 (1962 ; 224 с., черт.) |
| 650 14 - SUBJECT ADDED ENTRY--TOPICAL TERM | |
| Topical term or geographic name entry element | Машиностроение |
| Form subdivision | Пособия заочные. |
| 650 14 - SUBJECT ADDED ENTRY--TOPICAL TERM | |
| Topical term or geographic name entry element | Машиностроение. |
| 710 2# - ADDED ENTRY--CORPORATE NAME | |
| Corporate name or jurisdiction name as entry element | Министерство высшего и среднего специального образования РСФСР. |
| 710 2# - ADDED ENTRY--CORPORATE NAME | |
| Corporate name or jurisdiction name as entry element | Всесоюзный заочный энергетический институт. |
| 942 ## - ADDED ENTRY ELEMENTS (KOHA) | |
| Source of classification or shelving scheme | Universal Decimal Classification |
| Koha item type | Գրքեր / Books |
| Withdrawn status | Lost status | Source of classification or shelving scheme | Damaged status | Not for loan | Collection | Home library | Current library | Date acquired | Serial enumeration / chronology | Total checkouts | Full call number | Barcode | Date last seen | Price effective from | Koha item type | Public note |
|---|---|---|---|---|---|---|---|---|---|---|---|---|---|---|---|---|
| Universal Decimal Classification | General | Fundamental Scientific Library | Fundamental Scientific Library | 06/02/2020 | Часть 1 | PII/32768 | FL0622126 | 06/02/2020 | 06/02/2020 | Գրքեր / Books | 30 Days Loan |
ՀՀ Գիտությունների ազգային ակադեմիայի հիմնարար գիտական գրադարան = Fundamental Scientific Library of NAS RA
All site content, except where otherwise noted, is licensed under a